00554 2200217 4500001002100000005001500021035002000036007000300056008004100059100001100100245006500111250001400176300002600190020002200216082001000238084001600248260003300264990001300297990001300310990001300323INLIS00000000000842820251223072939 a0010-0322000447ta220309 g 0 ind 0 aAsfara1 aMUDAH BELAJAR BAHASA KOREA :bBersama Penutur asli /cAsfara aCetakan I a172 hlm ;c14 x 20 cm a978-602-407-578-1 a495.7 a495.7 ASF m aYogyakarta :bLaksana,c2019 a022.7961 a022.7962 a022.7963